00765nam a22002057a 4500003000500000005001700005008004100022010001000063011001000073035001000083040000900093100002800102245017200130260003800302300001000340502009500350650003500445650005100480650002800531CHAP20220329140649.0971013s1977 r 00010 d a55627 a56599 a60752 cCHAP00aSerrano Picazo, Camilo. aEvaluación de un proyecto ganadero ejidal en el estado de Yucatán, con financiamiento de la banca oficial y análisis de sus repercusiones económicas y sociales aMéxico, D.F. :bEl autor,c1977 a58 h. aTesis (Médico Veterinario Zootecnista) -- UNAM. Fac. de Medicina Veterinaria y Zootecnia14aCrédito ganaderoxYucatán.14aGanaderíaxAspectos económicosxYucatán.14aGanaderíaxYucatán.